Nghiên cứu hiệu quả của việc trình bày nhóm để học ngữ pháp đối với học sinh trung học phổ thông : Luận văn Thạc sĩ khoa học Giáo dục. Chuyên ngành Lí luận và Phương pháp dạy học bộ môn tiếng Anh
Nghiên cứu khảo sát hiệu quả của việc học ngữ pháp thông qua việc trình bày nhóm đối với học sinh THPT.
Đã lưu trong:
| 主要作者: | |
|---|---|
| 格式: | 图书 |
| 语言: | Undetermined |
| 出版: |
Cần Thơ
Trường Đại học Cần Thơ
2012
|
| 主题: | |
| 标签: |
添加标签
没有标签, 成为第一个标记此记录!
|
| Thư viện lưu trữ: | Trung tâm Học liệu Trường Đại học Cần Thơ |
|---|
| LEADER | 01276nam a2200229Ia 4500 | ||
|---|---|---|---|
| 001 | CTU_178188 | ||
| 008 | 210402s9999 xx 000 0 und d | ||
| 082 | |a 428.0071 | ||
| 082 | |b D309 | ||
| 088 | |a 60140111 | ||
| 100 | |a Trần, Thị Hoàng Diệu | ||
| 245 | 0 | |a Nghiên cứu hiệu quả của việc trình bày nhóm để học ngữ pháp đối với học sinh trung học phổ thông : | |
| 245 | 0 | |b Luận văn Thạc sĩ khoa học Giáo dục. Chuyên ngành Lí luận và Phương pháp dạy học bộ môn tiếng Anh | |
| 245 | 0 | |c Trần Thị Hoàng Diệu ; Hồ Phương Thùy (Người hướng dẫn Khoa học) | |
| 260 | |a Cần Thơ | ||
| 260 | |b Trường Đại học Cần Thơ | ||
| 260 | |c 2012 | ||
| 520 | |a Nghiên cứu khảo sát hiệu quả của việc học ngữ pháp thông qua việc trình bày nhóm đối với học sinh THPT. | ||
| 650 | |a English language,English language,Tiếng Anh,Tiếng Anh | ||
| 650 | |x Study and teaching,Foreign speakers,Grammar,Dạy và học,Người nói tiếng nước ngoài,Ngữ pháp | ||
| 904 | |i Năm | ||
| 980 | |a Trung tâm Học liệu Trường Đại học Cần Thơ | ||